00261nam a22000977a 4500020001800000082001400018100002200032245007100054260002900125300000900154 a9781461269106 a515.7 ZEI aZeidler, Eberhard aApplied functional analysis : applications to mathematical physics aNew YorkbSpringerc1995 a481p